Commentary on Ecclesiastes / (Record no. 118405)
[ view plain ]
| 000 -LEADER | |
|---|---|
| fixed length control field | 01992nam a22004331i 4500 |
| 001 - CONTROL NUMBER | |
| control field | ebr10756354 |
| 003 - CONTROL NUMBER IDENTIFIER | |
| control field | CaPaEBR |
| 006 - FIXED-LENGTH DATA ELEMENTS--ADDITIONAL MATERIAL CHARACTERISTICS--GENERAL INFORMATION | |
| fixed length control field | m o d |
| 007 - PHYSICAL DESCRIPTION FIXED FIELD--GENERAL INFORMATION | |
| fixed length control field | cr cn||||||||| |
| 008 - FIXED-LENGTH DATA ELEMENTS--GENERAL INFORMATION | |
| fixed length control field | 050411s2005 nyu ob 001 0 eng d |
| 020 ## - INTERNATIONAL STANDARD BOOK NUMBER | |
| Cancelled/invalid ISBN | 1576591972 (pbk.) |
| Cancelled/invalid ISBN | 9781576591970 |
| International Standard Book Number | 9781576592878 (e-book) |
| 040 ## - CATALOGING SOURCE | |
| Original cataloging agency | CaPaEBR |
| Language of cataloging | eng |
| Description conventions | rda |
| -- | pn |
| Transcribing agency | CaPaEBR |
| 035 ## - SYSTEM CONTROL NUMBER | |
| System control number | (OCoLC)817789425 |
| 050 14 - LIBRARY OF CONGRESS CALL NUMBER | |
| Classification number | BS1475.53 |
| Item number | .B6613 2005eb |
| 082 04 - DEWEY DECIMAL CLASSIFICATION NUMBER | |
| Classification number | 223/.807 |
| Edition number | 23 |
| 100 0# - MAIN ENTRY--PERSONAL NAME | |
| Personal name | Bonaventure, |
| Titles and other words associated with a name | Saint, Cardinal, |
| Dates associated with a name | approximately 1217-1274. |
| 240 10 - UNIFORM TITLE | |
| Uniform title | <a href="Commentarius in librum Ecclesiastes.">Commentarius in librum Ecclesiastes.</a> |
| Language of a work | English |
| 245 10 - TITLE STATEMENT | |
| Title | Commentary on Ecclesiastes / |
| Statement of responsibility, etc | translation and notes by Campion Murray and Robert J. Karris ; introd. by Robert J. Karris. |
| 264 #1 - PRODUCTION, PUBLICATION, DISTRIBUTION, MANUFACTURE, AND COPYRIGHT NOTICE | |
| Place of production, publication, distribution, manufacture | St. Bonaventure, New York : |
| Name of producer, publisher, distributor, manufacturer | Franciscan Institute Publications, |
| Date of production, publication, distribution, manufacture, or copyright notice | 2005. |
| 300 ## - PHYSICAL DESCRIPTION | |
| Extent | 1 online resource (463 pages) |
| 336 ## - CONTENT TYPE | |
| Content type term | text |
| Source | rdacontent |
| 337 ## - MEDIA TYPE | |
| Media type term | computer |
| Source | rdamedia |
| 338 ## - CARRIER TYPE | |
| Carrier type term | online resource |
| Source | rdacarrier |
| 440 #0 - SERIES STATEMENT/ADDED ENTRY--TITLE | |
| Title | Works of St. Bonaventure ; |
| Volume number/sequential designation | VII |
| 500 ## - GENERAL NOTE | |
| General note | Translation of: Commentarius in librum Ecclesiastes. |
| 504 ## - BIBLIOGRAPHY, ETC. NOTE | |
| Bibliography, etc | Includes bibliographical references and indexes. |
| 588 ## - SOURCE OF DESCRIPTION NOTE | |
| Source of description note | Description based on print version record. |
| 590 ## - LOCAL NOTE (RLIN) | |
| Local note | Electronic reproduction. Palo Alto, Calif. : ebrary, 2013. Available via World Wide Web. Access may be limited to ebrary affiliated libraries. |
| 630 00 - SUBJECT ADDED ENTRY--UNIFORM TITLE | |
| Uniform title | Bible. |
| Name of part/section of a work | Ecclesiastes |
| Form subdivision | Commentaries |
| -- | Early works to 1800. |
| 650 #0 - SUBJECT ADDED ENTRY--TOPICAL TERM | |
| Topical term or geographic name as entry element | Theology. |
| 655 #0 - INDEX TERM--GENRE/FORM | |
| Genre/form data or focus term | Electronic books. |
| 700 1# - ADDED ENTRY--PERSONAL NAME | |
| Personal name | Karris, Robert J. |
| Personal name | Murray, Campion. |
| 776 08 - ADDITIONAL PHYSICAL FORM ENTRY | |
| Display text | Print version: |
| Main entry heading | Bonaventure, Saint, Cardinal. |
| Title | Commentary on Ecclesiastes. |
| Place, publisher, and date of publication | St. Bonaventure, New York : Franciscan Institute Publications, 2005 |
| Physical description | 461 pages ; 24 cm. |
| Series data for related item | Works of St. Bonaventure ; VII. |
| International Standard Book Number | 9781576591970 |
| Record control number | (DLC) 2005921754 |
| 797 2# - LOCAL ADDED ENTRY--CORPORATE NAME (RLIN) | |
| Corporate name or jurisdiction name as entry element | ebrary. |
| 856 40 - ELECTRONIC LOCATION AND ACCESS | |
| Uniform Resource Identifier | <a href="http://site.ebrary.com/lib/rucke/Doc?id=10756354">http://site.ebrary.com/lib/rucke/Doc?id=10756354</a> |
| Public note | An electronic book accessible through the World Wide Web; click to view |
No items available.
